ბათუმის შოთა რუსთაველის სახელმწიფო უნივერსიტეტის ბიბლიოთეკა

Культура Древнего Рима в 2- томах : (ბიბ.ჩანაწერი № 60888)

000 -LEADER
fixed length control field 00681nam a22001697a 4500
005 - DATE AND TIME OF LATEST TRANSACTION
control field 20231115102701.0
008 - FIXED-LENGTH DATA ELEMENTS--GENERAL INFORMATION
fixed length control field 231115s1985 ru ||||| |||| 00| 0 rus d
041 ## - LANGUAGE CODE
Language code of text/sound track or separate title rus
080 ## - UNIVERSAL DECIMAL CLASSIFICATION NUMBER
Universal Decimal Classification number 008(37) K-90
245 ## - TITLE STATEMENT
Title Культура Древнего Рима в 2- томах :
Remainder of title Т. 2 /
Statement of responsibility, etc. отв. ред. Е. С. Голубцова; АН СССР, Ин-т всеобщей истории.
264 ## - PRODUCTION, PUBLICATION, DISTRIBUTION, MANUFACTURE, AND COPYRIGHT NOTICE
Place of production, publication, distribution, manufacture М. :
Name of producer, publisher, distributor, manufacturer Наука,
Date of production, publication, distribution, manufacture, or copyright notice 1985.
300 ## - PHYSICAL DESCRIPTION
Extent 398 стр.:
Other physical details ил.;
Dimensions 22 см.
653 ## - INDEX TERM--UNCONTROLLED
keyword რომაული კულტურა
653 ## - INDEX TERM--UNCONTROLLED
keyword ისტორია
700 ## - ADDED ENTRY--PERSONAL NAME
Personal name Голубцова, Е. С.
Relator term რედაქტორი
9 (RLIN) 20380
942 ## - ADDED ENTRY ELEMENTS (KOHA)
Source of classification or shelving scheme
Koha item type წიგნი
ეგზემპლარები
Withdrawn status Lost status Source of classification or shelving scheme Damaged status Not for loan Permanent Location Current Location Shelving location Date acquired Cost, normal purchase price Full call number Barcode Date last seen Copy number Uniform Resource Identifier Price effective from Koha item type Public note
          ბათუმის შოთა რუსთაველის სახელმწიფო უნივერსიტეტის მთავარი ბიბლიოთეკა ბათუმის შოთა რუსთაველის სახელმწიფო უნივერსიტეტის მთავარი ბიბლიოთეკა წიგნსაცავი 2023-11-15 7.00 008(37) K-90 65457 2023-11-15 65457 ბსუ-ს საპატიო დოქტორის გურამ ლორთქიფანიძის საჩუქარი 2023-11-15 წიგნი 7 ლ.